| 000 | 00570nam a22002057a 4500 | ||
|---|---|---|---|
| 003 | SISC | ||
| 005 | 20160224082949.0 | ||
| 008 | 130814t xxu||||| |||| 00| 0 eng d | ||
| 020 | _a978981265606 | ||
| 050 |
_aQA 76.76 _b.Sh545 2006 |
||
| 082 |
_aHS 005 _bSh3 2006 |
||
| 100 |
_aShelly, Gary B. _95775 |
||
| 245 |
_aHTML : _bComprehensive concepts and techniques / _cGary B. Shelly. |
||
| 250 | _a3rd ed. | ||
| 260 |
_aAustralia : _bThomson, _cc2006. |
||
| 300 |
_a624 p. ; _bill. ; _c26 cm. |
||
| 650 |
_aComputer Science. _93879 |
||
| 942 |
_2lcc _cBK |
||
| 999 |
_c8522 _d8522 |
||